000 004180000a22001810004500
003 MACL
005 20150910155524.0
008 150910b xxu||||| |||| 00| 0 eng d
040 _aMACL
_cMACL
041 _aEnglish
082 _a821/SAT
100 _aSamal, Raju
_99979
245 _aThe Enchanted Dust
260 _bSahitya Akademi
_c2007
_aDelhi
350 _a45
650 _apoetry
_99980
942 _cBK
_k821
_2ddc
999 _c8499
_d8499